00402nam a2200121Ia 4500008004100000041000800041082001400049100001600063245011500079260005000194300001900244999001700263241015s9999 xx 000 0 und d aeng a338.9 RIT aRitenour S. aEconomics Of Prosperity: Rethinking Economic Growth And Development Rethinking Economic Growth And Development bEdward Elgar PublishingaUnited Kingdomc2023 a236;. P. 23 cm c41573d41573